| 000 | 00523nam a2200181 i 4500 | ||
|---|---|---|---|
| 001 | 78398 | ||
| 003 | ES-MaACL | ||
| 005 | 20230906173704.0 | ||
| 007 | t| | ||
| 008 | 041014s1953 sp ||||1| spa d | ||
| 100 | 1 |
_aHauser, Emil D. W. _962110 |
|
| 245 | 1 | 0 |
_aEnfermedades del pie / _cpor Emil D.W. Hauser. |
| 250 | _a1ª ed. española. | ||
| 260 |
_aBarcelona : _bSalvat, _c1953 ( _fHispano-Americana) |
||
| 300 |
_aXVI, 440 p. : _bil. ; _c24 cm. |
||
| 650 | 4 |
_aPies- _xEnfermedades. _9167439 |
|
| 852 |
_aES-MaACL _jD-9010 |
||
| 999 |
_c78398 _d78398 |
||